000 01546nam a22003377a 4500
001 1519
003 FISKH
005 20231002085625.0
008 230901b cb ||||| |||| 00| 0 eng d
040 _aFISKH
_beng
_cFISKH
_dFISKH
082 _a959.6
100 _aSun Heng Meng Chheang.
245 _aExploring Angkor
_bAngkor Wat & Bayon
_cWritten by Sun Heng Meng Chheang and Huot Sarith with contributions from Olivier Cunin, Bertrand Porte and Dominigue Soutif.
246 _aAngkor Wat and Bayon
260 _aPhnom Penh :
_bSipar,
_c2012.
300 _a51 pages :
_bcolor illustrations ;
_c20 cm
490 _aI would like to know
_vPart 1
505 _aZ'
520 _aWritten in English, Exploring Angkor Part 1 (Angkor Wat and Bayon) guides readers to know more about Angkor Wat and Bayon temple based on understanding the low reliefs of those temples. Each low relief provides different information and story: some are history, mythology, Indian Epics (Mahabarata and Ramayana) and daily life (Bayon). Moreover, it also demonstrates the belief of Hinduism based on the reliefs.
521 8 _a1000
_bLexile estimate
521 8 _aZ'
_bRaz-Plus
610 _2Angkor Wat (Angkor)
650 _aBuddhist temples
_zCambodia
_zAngkor (Extinct city)
651 _aAngkor (Extinct city)
_xHistory
651 _aAngkor (Extinct city)
_xDiscovery and exploration.
700 _aHuot Sarith.
700 _aCunin, Olivier
700 _aPorte, Bertrand
700 _aSoutif, Dominique
942 _2ddc
_cBK
_n0
999 _c1519
_d1519